[Event "Hessen-ch op-B"]
[Site "Floersheim"]
[Date "2016.05.06"]
[Round "4"]
[White "Kronenburg, Bernd"]
[Black "Robinson, Jack"]
[Result "1/2-1/2"]
[WhiteElo "1733"]
[BlackElo "1468"]
[PlyCount "150"]
[EventDate "2016.05.05"]
[EventType "swiss"]
[EventRounds "7"]
[EventCountry "GER"]
[SourceTitle "EXT 2022"]
[Source "ChessBase"]
[SourceDate "2021.10.06"]
[SourceVersion "1"]
[SourceVersionDate "2021.10.06"]
[SourceQuality "1"]

1. c4 e6 2. g3 d5 3. Bg2 Nf6 4. cxd5 exd5 5. d3 Be7 6. Nf3 c5 7. 0-0 Nc6 8. Bg5 h6 9. Bxf6 Bxf6 10. Nc3 0-0 11. Rb1 a6 12. Qb3 d4 13. Ne4 Be7 14. Rbc1 Be6 15. Qd1 b6 16. Nfd2 Rc8 17. a3 f5 18. Nxc5 bxc5 19. b4 Ne5 20. Qa4 Qb6 21. bxc5 Rxc5 22. Qxd4 Qd6 23. Qa1 Rxc1 24. Rxc1 Bf6 25. d4 Nf7 26. e3 Bd5 27. Nc4 Qe6 28. Bxd5 Qxd5 29. h4 g5 30. h5 g4 31. Qb1 Ng5 32. Nd2 Nh3+ 33. Kh2 Nxf2 34. Rc5 Qe6 35. Rxf5 Nd1 36. Rf1 Nxe3 37. Qg6+ Kh8 38. Qxh6+ Kg8 39. Qg6+ Kh8 40. Rf2 Qe7 41. Ne4 Qg7 42. Rxf6 Rxf6 43. Qxf6 Qxf6 44. Nxf6 Kg7 45. Ne8+ Kh6 46. Nc7 a5 47. d5 Nc4 48. Nb5 Kxh5 49. d6 Nb6 50. Nd4 Kg6 51. Nc6 Kf6 52. Nxa5 Ke6 53. Nb7 Kd7 54. Kg2 Kc6 55. Nd8+ Kxd6 56. Nf7+ Kd5 57. Nh6 Nc4 58. a4 Ne5 59. Kf2 Kc5 60. Nxg4 Nxg4+ 61. Kf3 Nh6 62. Kf4 Kb4 63. Kg5 Nf7+ 64. Kf6 Nd6 65. g4 Kxa4 66. Ke6 Ne4 67. Kf5 Nd6+ 68. Ke6 Ne4 69. Ke5 Ng5 70. Kf5 Nh3 71. Kg6 Kb5 72. Kh5 Kc6 73. Kh4 Nf4 74. g5 Kd6 75. Kg4 Ke5 1/2-1/2

[Event "Hessen-chB"]
[Site "Korbach"]
[Date "2013.03.30"]
[Round "7"]
[White "Dresen, Dietmar"]
[Black "Kronenburg, Bernd"]
[Result "1/2-1/2"]
[WhiteElo "1660"]
[BlackElo "1786"]
[PlyCount "35"]
[EventDate "2013.03.27"]
[EventType "swiss"]
[EventRounds "7"]
[EventCountry "GER"]
[SourceTitle "EXT 2014"]
[Source "ChessBase"]
[SourceDate "2013.11.20"]
[SourceVersion "1"]
[SourceVersionDate "2013.11.20"]
[SourceQuality "1"]

1. Nf3 c5 2. g3 d5 3. Bg2 e6 4. d3 Nf6 5. 0-0 Be7 6. Nbd2 Nc6 7. e4 d4 8. a4 e5 9. Nc4 Bg4 10. h3 Bxf3 11. Bxf3 Qd7 12. Bg2 0-0 13. f4 Bd6 14. Nxd6 Qxd6 15. fxe5 Nxe5 16. Bf4 Nfd7 17. Qd2 f6 18. Bxe5 1/2-1/2

[Event "Hessen-chB"]
[Site "Korbach"]
[Date "2013.03.29"]
[Round "5"]
[White "Seemke, Erwin"]
[Black "Kronenburg, Bernd"]
[Result "0-1"]
[WhiteElo "1162"]
[BlackElo "1786"]
[PlyCount "116"]
[EventDate "2013.03.27"]
[EventType "swiss"]
[EventRounds "7"]
[EventCountry "GER"]
[SourceTitle "EXT 2014"]
[Source "ChessBase"]
[SourceDate "2013.11.20"]
[SourceVersion "1"]
[SourceVersionDate "2013.11.20"]
[SourceQuality "1"]

1. d4 g6 2. Nf3 Nf6 3. c4 Bg7 4. e3 0-0 5. Nc3 d6 6. Bd3 Bg4 7. h3 Bxf3 8. Qxf3 Nc6 9. Bd2 e5 10. d5 Nb4 11. Be4 Nxe4 12. Qxe4 f5 13. Qb1 e4 14. Nxe4 fxe4 15. Bxb4 Qf6 16. 0-0 Qxb2 17. Qxb2 Bxb2 18. Rab1 Be5 19. Rfc1 b6 20. Bc3 Rae8 21. Bxe5 Rxe5 22. a4 a5 23. Rf1 h5 24. Rb3 Ref5 25. Rb2 g5 26. g3 Kg7 27. Rd2 Rf3 28. Rd4 Re8 29. Kg2 Rf5 30. Kg1 Kf6 31. Kg2 Ke5 32. Kg1 Rf3 33. Rd2 h4 34. g4 Rxh3 35. Kg2 Rf3 36. Rh1 Rh8 37. Rh3 Rhf8 38. Rxf3 Rxf3 39. Re2 Rf7 40. Kh3 Rf8 41. Rd2 Rf3+ 42. Kg2 h3+ 43. Kh2 Kf6 44. Re2 Ke7 45. Rb2 Kd7 46. Ra2 Kc8 47. Rd2 Kb7 48. Kg1 c6 49. Rd4 h2+ 50. Kg2 Rxf2+ 51. Kh1 cxd5 52. Rxd5 Re2 53. Rxg5 Rxe3 54. Kxh2 Rc3 55. Rg7+ Kc6 56. Kg2 e3 57. Kf3 Rxc4 58. Kxe3 Rxa4 0-1

[Event "Hessen-chB"]
[Site "Korbach"]
[Date "2013.03.28"]
[Round "2"]
[White "Kronenburg, Bernd"]
[Black "Foerster, Rudi"]
[Result "0-1"]
[WhiteElo "1786"]
[BlackElo "1882"]
[PlyCount "72"]
[EventDate "2013.03.27"]
[EventType "swiss"]
[EventRounds "7"]
[EventCountry "GER"]
[SourceTitle "EXT 2014"]
[Source "ChessBase"]
[SourceDate "2013.11.20"]
[SourceVersion "1"]
[SourceVersionDate "2013.11.20"]
[SourceQuality "1"]

1. c4 e5 2. e3 f5 3. Nc3 Nf6 4. a3 d5 5. cxd5 Nxd5 6. Bc4 Be6 7. Qb3 c6 8. Qxb7 Be7 9. Qxa8 Nb6 10. Qxa7 Bxc4 11. Qa5 Qd3 12. Nge2 Nd5 13. Qa4 Nxc3 14. Nxc3 0-0 15. Qd1 f4 16. Qe2 e4 17. Qxd3 Bxd3 18. b4 Bf6 19. exf4 Nd7 20. g3 Nb6 21. a4 Nd5 22. Nxd5 Bxa1 23. Ne7+ Kf7 24. Nxc6 Ra8 25. a5 Rc8 26. f3 Rxc6 27. Kf2 Bd4+ 28. Kg2 Rc2 29. Re1 e3 30. Kh3 exd2 31. Bxd2 Rxd2 32. Rc1 h5 33. Rc7+ Ke6 34. a6 Bg1 35. Kh4 Bxa6 36. Rxg7 Kf6 0-1

[Event "Hessen-chB"]
[Site "Korbach"]
[Date "2013.03.28"]
[Round "3"]
[White "Pleyer, Christian"]
[Black "Kronenburg, Bernd"]
[Result "1-0"]
[WhiteElo "1486"]
[BlackElo "1786"]
[PlyCount "81"]
[EventDate "2013.03.27"]
[EventType "swiss"]
[EventRounds "7"]
[EventCountry "GER"]
[SourceTitle "EXT 2014"]
[Source "ChessBase"]
[SourceDate "2013.11.20"]
[SourceVersion "1"]
[SourceVersionDate "2013.11.20"]
[SourceQuality "1"]

1. d4 c5 2. c3 cxd4 3. cxd4 e6 4. Nc3 Nf6 5. Bd2 Be7 6. e3 Nc6 7. a3 0-0 8. Bd3 d5 9. Nf3 Nd7 10. 0-0 f5 11. Ne2 Bd6 12. Ne1 e5 13. dxe5 Ndxe5 14. f4 Nxd3 15. Nxd3 b6 16. Bc3 Qe7 17. Rf3 Ba6 18. Nd4 Nxd4 19. Bxd4 Rac8 20. Rg3 g6 21. Ne1 Kf7 22. Nf3 Rc4 23. Be5 Ke6 24. Ng5+ Kd7 25. Qxd5 Rc5 26. Qxd6+ Qxd6 27. Bxd6 Kxd6 28. Nxh7 Rfc8 29. Rxg6+ Kc7 30. Ng5 Kb8 31. Rd1 Rc2 32. h4 Rxb2 33. h5 Be2 34. Rd7 Bf1 35. Ne6 Bb5 36. Re7 Bc6 37. h6 Bd5 38. h7 Bxe6 39. Rexe6 Rd2 40. Rg8 Rdd8 41. Reg6 1-0

[Event "Rheinland Pfalz op 3rd"]
[Site "Gau Algesheim"]
[Date "2011.08.01"]
[Round "6"]
[White "Hipler, Andreas"]
[Black "Kronenburg, Bernd"]
[Result "1-0"]
[WhiteElo "1914"]
[BlackElo "1647"]
[PlyCount "115"]
[EventDate "2011.07.28"]
[EventType "swiss"]
[EventRounds "7"]
[EventCountry "GER"]
[SourceTitle "EXT 2013"]
[Source "ChessBase"]
[SourceDate "2012.11.22"]
[SourceVersion "1"]
[SourceVersionDate "2012.11.22"]
[SourceQuality "1"]

1. e4 c5 2. Nc3 g6 3. f4 Bg7 4. Nf3 a6 5. g3 Nc6 6. d3 d6 7. Ne2 Bg4 8. Bg2 Nf6 9. 0-0 0-0 10. h3 Bxf3 11. Bxf3 e6 12. c3 Qc7 13. Be3 Nd7 14. g4 f5 15. Qb3 Rae8 16. gxf5 Na5 17. Qd1 exf5 18. Bf2 fxe4 19. Bxe4 Nf6 20. Bf3 Kh8 21. Qd2 Bh6 22. Bg3 Qd7 23. Kh2 Nc6 24. d4 cxd4 25. Nxd4 Ne4 26. Bxe4 Rxe4 27. Rae1 Rxe1 28. Rxe1 Ne5 29. Re4 Qf7 30. b3 Qd5 31. Qe2 Nc6 32. Ne6 Re8 33. c4 Qf5 34. Ng5 Rxe4 35. Qxe4 Qxe4 36. Nxe4 Bf8 37. Be1 Kg7 38. Bc3+ Kh6 39. Nf6 Kg7 40. Kg3 Ne7 41. Ne4+ Kg8 42. Nxd6 Nf5+ 43. Nxf5 gxf5 44. Kf3 Kf7 45. Ke3 Ke6 46. a4 Bc5+ 47. Kf3 Bd6 48. b4 Kd7 49. Ke3 Kc6 50. c5 Be7 51. Kd3 Bf8 52. Kc4 b5+ 53. cxb6 Kxb6 54. Kd5 Bh6 55. Bd4+ Kb7 56. Be5 Bf8 57. b5 axb5 58. axb5 1-0

[Event "Rheinland Pfalz op 3rd"]
[Site "Gau Algesheim"]
[Date "2011.07.29"]
[Round "2"]
[White "Klein, Maximilian"]
[Black "Kronenburg, Bernd"]
[Result "1/2-1/2"]
[WhiteElo "2006"]
[BlackElo "1647"]
[PlyCount "100"]
[EventDate "2011.07.28"]
[EventType "swiss"]
[EventRounds "7"]
[EventCountry "GER"]
[SourceTitle "EXT 2013"]
[Source "ChessBase"]
[SourceDate "2012.11.22"]
[SourceVersion "1"]
[SourceVersionDate "2012.11.22"]
[SourceQuality "1"]

1. e4 c5 2. Nf3 g6 3. d4 Bg7 4. c4 cxd4 5. Nxd4 Nc6 6. Be3 Nf6 7. Nc3 d6 8. Be2 0-0 9. 0-0 Nxd4 10. Bxd4 Be6 11. Rc1 Nd7 12. Be3 b6 13. b3 f5 14. exf5 Bxf5 15. Qd5+ Kh8 16. Bf3 Rc8 17. Nb5 Ne5 18. Be2 Qd7 19. Qd2 Be4 20. f4 Ng4 21. Nc3 Nxe3 22. Qxe3 Bf5 23. Rcd1 Bg4 24. Nd5 Bxe2 25. Qxe2 e6 26. Ne3 Rce8 27. Qd3 Rd8 28. Rf3 Qc6 29. Kh1 e5 30. Nd5 Rde8 31. fxe5 Rxf3 32. Qxf3 Rf8 33. Qe3 Bxe5 34. Qg5 Qc5 35. Ne3 Qa3 36. Ng4 Qb2 37. Qe7 Bg7 38. Qxd6 Qe2 39. h3 h5 40. Nh2 Kh7 41. Qd2 Qe7 42. Nf3 Qa3 43. Ng5+ Kh8 44. Ne6 Rf7 45. Qc2 Rf6 46. Nxg7 Kxg7 47. Qd2 Qf8 48. Qd4 Kh7 49. Kh2 Qb8+ 50. Kh1 Rf7 1/2-1/2

[Event "Frankfurt-ch"]
[Site "Frankfurt"]
[Date "2006.05.22"]
[Round "5"]
[White "Ludwig, Helmut"]
[Black "Kronenburg, Bernd"]
[Result "0-1"]
[WhiteElo "1496"]
[BlackElo "1695"]
[PlyCount "50"]
[EventDate "2006.04.24"]
[EventType "swiss"]
[EventRounds "7"]
[EventCountry "GER"]
[SourceTitle "EXT 2007"]
[Source "ChessBase"]
[SourceDate "2006.11.23"]
[SourceVersion "1"]
[SourceVersionDate "2006.11.23"]
[SourceQuality "1"]

1. d4 Nf6 2. c4 e6 3. Nf3 c5 4. Nc3 cxd4 5. Nxd4 Nc6 6. g3 Bb4 7. Bg2 Bxc3+ 8. bxc3 Qa5 9. Nb5 0-0 10. Qd3 a6 11. Nd6 Ne8 12. 0-0 Nxd6 13. Qxd6 Qxc3 14. Ba3 Re8 15. Rfc1 Qe5 16. Bf3 Qf6 17. Rab1 Nd4 18. Bg4 Nf5 19. Qb6 Ne7 20. Bd6 a5 21. Qe3 Nf5 22. Qc5 Nxd6 23. Qxd6 Ra6 24. Rb6 Rxb6 25. Qxb6 Qg5 0-1

[Event "Hessen-ch MVT"]
[Site "Offenbach"]
[Date "2005.04.03"]
[Round "9"]
[White "Kronenburg, Bernd"]
[Black "Biegel, Thomas"]
[Result "0-1"]
[WhiteElo "1628"]
[BlackElo "1999"]
[PlyCount "72"]
[EventDate "2005.03.28"]
[EventType "swiss"]
[EventRounds "9"]
[EventCountry "GER"]
[SourceTitle "EXT 2006"]
[Source "ChessBase"]
[SourceDate "2005.11.24"]
[SourceVersion "1"]
[SourceVersionDate "2005.11.24"]
[SourceQuality "1"]

1. c4 e5 2. g3 d6 3. Bg2 Nd7 4. Nc3 g6 5. d3 Bg7 6. e4 Ne7 7. Nge2 0-0 8. 0-0 c6 9. Be3 f5 10. f4 a6 11. Qd2 Nf6 12. h3 Be6 13. Rab1 Qd7 14. fxe5 dxe5 15. Bc5 Rfd8 16. Bxe7 Qxe7 17. b3 Qd7 18. exf5 Bxf5 19. Kh2 Qxd3 20. Qe1 Qd2 21. Bd5+ Rxd5 22. Nxd5 Qh6 23. Ne7+ Kh8 24. Nxf5 gxf5 25. Kg2 Qg6 26. Rd1 f4 27. Rf3 Bh6 28. Nc3 e4 29. Rf1 Rg8 30. Kh1 Qh5 31. Rd2 Rxg3 32. Rh2 Rxh3 33. Rff2 Ng4 34. Qd2 Nxf2+ 35. Qxf2 e3 36. Rxh3 exf2 0-1